Caregiver maltreatment subtypes and timing: differential influences on emerging adulthood empathy
Purpose: Interpersonal interactions shape empathy throughout development. Detrimental interactions, including maltreatment, create risk for the development of aberrant levels of empathy. However, subtypes of abuse and neglect, as well as age of exposure, complicate these relations. The current study...
| VerfasserInnen: | ; ; |
|---|---|
| Medienart: | Elektronisch Aufsatz |
| Sprache: | Englisch |
| Veröffentlicht: |
2025
|
| In: |
Journal of family violence
Jahr: 2025, Band: 40, Heft: 3, Seiten: 567-575 |
| Online-Zugang: |
Volltext (lizenzpflichtig) Volltext (lizenzpflichtig) |
| Verfügbarkeit prüfen: | HBZ Gateway |
| Schlagwörter: |
MARC
| LEADER | 00000naa a22000002c 4500 | ||
|---|---|---|---|
| 001 | 1941251072 | ||
| 003 | DE-627 | ||
| 005 | 20251114083917.0 | ||
| 007 | cr uuu---uuuuu | ||
| 008 | 251114s2025 xx |||||o 00| ||eng c | ||
| 024 | 7 | |a 10.1007/s10896-023-00656-x |2 doi | |
| 035 | |a (DE-627)1941251072 | ||
| 035 | |a (DE-599)KXP1941251072 | ||
| 040 | |a DE-627 |b ger |c DE-627 |e rda | ||
| 041 | |a eng | ||
| 084 | |a 2,1 |2 ssgn | ||
| 100 | 1 | |a Senich, Kate L. |e VerfasserIn |0 (orcid)0000-0003-4001-8478 |4 aut | |
| 245 | 1 | 0 | |a Caregiver maltreatment subtypes and timing |b differential influences on emerging adulthood empathy |c Kate L. Senich, Elana B. Gordis, Mitch Earleywine |
| 264 | 1 | |c 2025 | |
| 336 | |a Text |b txt |2 rdacontent | ||
| 337 | |a Computermedien |b c |2 rdamedia | ||
| 338 | |a Online-Ressource |b cr |2 rdacarrier | ||
| 500 | |a Literaturverzeichnis: Seite 574-575 | ||
| 520 | |a Purpose: Interpersonal interactions shape empathy throughout development. Detrimental interactions, including maltreatment, create risk for the development of aberrant levels of empathy. However, subtypes of abuse and neglect, as well as age of exposure, complicate these relations. The current study elucidates contributions of maltreatment subtypes and age of exposure on state and trait empathy. Methods: Emerging adults (N=94, M age=19.12 years, 45.7% male) from a large public university self-reported their age of exposure to three maltreatment categories: physical threat, nonphysical threat, and deprivation. Participants completed a vignette measure of state empathy and self-reported their trait empathy. State and trait empathy were regressed onto each maltreatment subtype. Relative weights analyses assessed the importance of maltreatment timing in predicting empathy. Results: Results revealed that as deprivation increased, state (β=-.24, t(90)=-2.37, p=.02) and trait empathy decreased (β= -.29, t(92)=-2.91, p<.01). As physical threat increased, trait empathy also increased (β= .23, t(92)=2.36, p=.02). Adolescent (versus childhood) exposure to deprivation had a significantly larger impact on state empathy (β=.074 versus β=.027). Conclusions: Findings underscore the idea that state and trait empathy have different associations with maltreatment depending upon its type and timing of occurrence. These results might help explain previous disparate results and suggest important distinctions for future work. | ||
| 650 | 4 | |a Adolescence | |
| 650 | 4 | |a Childhood | |
| 650 | 4 | |a Deprivation | |
| 650 | 4 | |a Empathy | |
| 650 | 4 | |a Maltreatment | |
| 650 | 4 | |a Threat | |
| 700 | 1 | |a Gordis, Elana B. |e VerfasserIn |4 aut | |
| 700 | 1 | |a Earleywine, Mitch |e VerfasserIn |0 (DE-588)138811318 |0 (DE-627)606146210 |0 (DE-576)18578769X |4 aut | |
| 773 | 0 | 8 | |i Enthalten in |t Journal of family violence |d Getzville, NY : HeinOnline, 1986 |g 40(2025), 3, Seite 567-575 |h Online-Ressource |w (DE-627)320574547 |w (DE-600)2016884-6 |w (DE-576)121465950 |x 1573-2851 |7 nnas |
| 773 | 1 | 8 | |g volume:40 |g year:2025 |g number:3 |g pages:567-575 |
| 856 | 4 | 0 | |u https://doi.org/10.1007/s10896-023-00656-x |x Resolving-System |z lizenzpflichtig |3 Volltext |7 1 |
| 856 | 4 | 0 | |u https://link.springer.com/article/10.1007/s10896-023-00656-x |x Verlag |z lizenzpflichtig |3 Volltext |7 1 |
| 951 | |a AR | ||
| ELC | |a 1 | ||
| LOK | |0 000 xxxxxcx a22 zn 4500 | ||
| LOK | |0 001 4805983566 | ||
| LOK | |0 003 DE-627 | ||
| LOK | |0 004 1941251072 | ||
| LOK | |0 005 20251114081559 | ||
| LOK | |0 008 251114||||||||||||||||ger||||||| | ||
| LOK | |0 040 |a DE-2619 |c DE-627 |d DE-2619 | ||
| LOK | |0 092 |o n | ||
| LOK | |0 852 |a DE-2619 | ||
| LOK | |0 852 1 |9 00 | ||
| LOK | |0 935 |a krzo | ||
| LOK | |0 939 |a 14-11-25 |b l01 | ||
| ORI | |a SA-MARC-krimdoka001.raw | ||
